000 nam a22 4500
999 _c28903
_d28903
005 20170427135326.0
008 170427b xxu||||| |||| 00| 0 eng d
020 _a0070067473
050 _aHF 5718 .B66 1992
100 _aBovee, Courtland
245 _aInstructor's resource manual to accompany business communication today /
_cCourtland Bovee
250 _a3rd ed.
260 _aNew York, NY :
_bMcGraw-Hill,
_cc1992
300 _avi, 529p. ;
_c28 cm.
650 _aBusiness communication.
700 _aThill, John V
942 _2lcc
_cBOOKS
_hHF 5718 .B66 1992